000 00604nam a2200193Ia 4500
003 SISC
005 20160728144228.0
008 140609s9999 xx 000 0 und d
020 _a9789711202705
050 _aRC 270.3.H56
_b.G861 2006
100 _aGregorios, Jocelyn H. Bruce-
245 _aHistopathologic techniques /
_cJocelyn H. Bruce-Gregorios.
250 _a2nd edition.
260 _aQuezon City, Philippines :
_bGoodwill Trading,
_c2006.
300 _a356 pages :
_billustrations ;
_c25 cm.
500 _aIncludes bibliographical references.
942 _kLOC
_cBK
_2lcc
999 _c118031
_d118031